Po sto dňoch postkoloniálnej vojny proti Líbyi

Pokračovanie článku zo 14.7.2011. Nesúhlasné a nelichotivé pohľady na vojnu v Lýbii. Štvrtý mesiac ako v začarovanom kruhu. Snaha dostať sa k veľkému štátnemu majetku. "Vojensky exhibicionistické" predvádzanie sily.

Salvato in:
Dettagli Bibliografici
Autore principale: Škvrnda, František
Natura: Capitolo di libro
Lingua:slovacco
Soggetti:
Tags: Aggiungi Tag
Nessun Tag, puoi essere il primo ad aggiungerne!!

MARC

LEADER 00000nla$a2200000$$$4500
001 0136271
005 20240502072526.7
041 0 |a slo 
044 |a SK 
245 1 0 |a Po sto dňoch postkoloniálnej vojny proti Líbyi  |c František Škvrnda 
520 |a Pokračovanie článku zo 14.7.2011. Nesúhlasné a nelichotivé pohľady na vojnu v Lýbii. Štvrtý mesiac ako v začarovanom kruhu. Snaha dostať sa k veľkému štátnemu majetku. "Vojensky exhibicionistické" predvádzanie sily. 
610 2 0 |a politika medzinárodná 
610 2 0 |a politika vnútorná 
610 2 0 |a konflikty 
610 2 0 |a vojny 
610 2 0 |a sily ozbrojené 
610 2 0 |a Líbya 
100 1 |a Škvrnda, František